Trainer vom FC Bayern München - Statistiken

Allgemein
  • Dieses Quiz wurde 2.127 mal gespielt
    803 seit der letzten Aktualisierung
  • Das Durchschnittsergebnis liegt bei 19 aus 33
Antwortstatistiken
Zeitraum Trainer % Korrekt
2021 - 2023 Julian Nagelsmann
98%
2023 - 2024 Thomas Tuchel
95%
2019 - 2021 Hansi Flick
93%
1987 - 1991 Jupp Heynckes
93%
2009 Jupp Heynckes
93%
2011 - 2013 Jupp Heynckes
93%
2017 - 2018 Jupp Heynckes
93%
2024 - Vincent Kompany
93%
2013 - 2016 Josep Guardiola
92%
2018 - 2019 Niko Kovač
89%
2016 - 2017 Carlo Ancelotti
88%
2009 - 2011 Louis van Gaal
79%
1993 - 1994 Franz Beckenbauer
76%
1996 Franz Beckenbauer
76%
2008 - 2009 Jürgen Klinsmann
74%
1998 - 2004 Ottmar Hitzfeld
69%
2007 - 2008 Ottmar Hitzfeld
69%
2004 - 2007 Felix Magath
58%
1994 - 1995 Giovanni Trapattoni
51%
1996 - 1998 Giovanni Trapattoni
51%
1970 - 1975 Udo Lattek
42%
1983 - 1987 Udo Lattek
42%
2017 Willy Sagnol
42%
1995 - 1996 Otto Rehhagel
37%
2011 Andries Jonker
36%
1992 - 1993 Erich Ribbeck
21%
1979 - 1983 Pal Csernai
13%
1968 - 1970 Branko Zebec
12%
1991 - 1992 Sören Lerby
12%
1975 - 1977 Dettmar Cramer
9%
1977 - 1979 Gyula Lorant
8%
1963 - 1968 Zlatko Cajkovski
8%
1983 Reinhard Saftig
5%
Keine übereinstimmenden Quizze gefunden
Verteilung der Resultate
Anzahl Personen mit jedem Resultat
Perzentil nach korrekt beantworteten Fragen
Ihre Resultats-Entwicklung
Sie haben dieses Quiz seit der letzten Aktualisierung nicht gespielt